000 02283nam a2200241Ia 4500
003 Ost
005 20260507075338.0
008 260507s9999||||xx |||||||||||||| ||und||
020 _a9789957525361
040 _cfsecg
041 _aara
082 _a330
100 _aاللوزي، موسى
_eمؤلف
245 0 _aالتحديات التي تواجه منظمات الاعمال المعاصرة :
_bالأزمة المالية والعالمية والأفاق المستقبلية /
_c موسى اللوزي
260 _aعمان:
_bمكتبة المجتمع العربي,
_c2011
300 _a503 صفحة؛
_bإيضاحات ؛
_c25 سم
520 _aتحليل ظاهرة الازمات المالية و سبل الاحاطة منها ، الشفافية و الفساد الاداري ، ادارة التغيير و التطوير ، علاقة اتجاهات و توجيهات الادارة العليا في فشل مبادرات التغيير و التطوير التنظيمي في منظمات الاعمال ، التحديات المعاصرة التي تواجه الموارد البشرية في الالفية الثالثة ، اثر تداعيات الازمة المالية العالمية في تركيبة العوامل المؤثرة في الرضا الوظيفي ، اشكالية الفكر المحاسبي و الازمات المالية العالمية ، حوكمة الشركات و رفع مستوى الافصاح و اثرها في معالجة الازمة المالية المعاصرة ، دور المعالجة في تفعيل مبادئ حوكمة الشركات لتحقيق شفافية المعلومات ، مفهوم المحاسبة الجنائية في ظل عالم الازمات ، العوامل المؤثرة على استخدام تكنولوجيا المعلومات في تدقيق الحسابات ، حوكمة الشركات في الاسواق المالية الناشئة بين الالزام و التطبيق الطوعي : سوق جمشق للاوراق المالية .
653 _aإدارة الأعمال
653 _aالأزمات الاقتصادية
653 _aمنظمات أصحاب العمل
700 _aالعبادي، سمير
_eمؤلف ثانوي
942 _cكتاب
999 _c44068
_d44068